Представление документа в формате RUSMARC

ПолеНазваниеЗначение
  Тип записи a
  Библиографический уровень m
001 Контрольный номер RU/SLIB/B/208717037
005 Дата корректировки 20201206203932.3
010 Индекс ISBN __
d Цена 1-14
101 Язык документа __
a Язык текста rus
c Язык оригинала rus
200 Заглавие и сведения об ответственности 0_
a Заглавие С путеводителем по Москве
f Первые сведения об ответственности Курлат Ф., Соколовский Ю.
b Общее обозначение материала Текст
210 Выходные данные __
a Место издания М.
c Издательство Моск. рабочий
d Дата издания 1975
215 Физическое описание __
a Объем 456 с.
c Иллюстрации/тип воспроизводства ил.
606 Тематические рубрики __
a Основная рубрика История
606 Тематические рубрики __
a Основная рубрика История России в целом
y Географическая подрубрика Москва; Россия; СССР
610 Ключевые слова __
a Ключевые слова города-герои; памятные места; историческая литература
686 Индексы других классификаций __
a Классификационный индекс 63.3(2-2Москва)л6
700 Автор _1
a Фамилия Курлат
b Имя Ф.
4 Код отношения 070
702 Вторичная интеллектуальная ответственность _1
a Фамилия Соколовский
b Имя Ю.
4 Код отношения Автор
801 Источник записи _0
a Страна RU
b Организация Муниципальное бюджетное учреждение культуры "Централизованная библиотечная система" г. Сургут (Центральная городская библиотека им. А. С. Пушкина)
g Правила каталогизации К/Исакова
801 Источник записи _1
a Страна RU
b Организация Муниципальное бюджетное учреждение культуры "Централизованная библиотечная система" г. Сургут (Центральная городская библиотека им. А. С. Пушкина)
g Правила каталогизации К/Исакова
852 Данные о местонахождении __
j Шифр хранения 63.3(2-2Москва)л6
c Каталожный индекс 63.3(2-2Москва)л6
i Авторский знак К93
p Инвентарный номер 48771(с)
901 Тип документа __
t Тип документа m
969 Тип издания __
a Тип издания путеводитель
990 Данные о заказе (DOS) __
j Количество экземпляров (DOS) 1
t N записи в КСУ для И/У (DOS) 199101